New venture creation : (Record no. 1557)

MARC details
000 -LEADER
fixed length control field 00636cam a22002052 4500
001 - CONTROL NUMBER
control field 0000020962
005 - DATE AND TIME OF LATEST TRANSACTION
control field 20151021152601.0
008 - FIXED-LENGTH DATA ELEMENTS--GENERAL INFORMATION
fixed length control field 120105s xx 000 0 eng d
020 ## - INTERNATIONAL STANDARD BOOK NUMBER
International Standard Book Number 1439080534 :
040 ## - CATALOGING SOURCE
Original cataloging agency KABU
Transcribing agency KABU
100 1# - MAIN ENTRY--PERSONAL NAME
Personal name Allen, Kathleen R.
-- 0000181636
245 10 - TITLE STATEMENT
Title New venture creation :
Remainder of title an entrepreneurial approach /
Statement of responsibility, etc. Kathleen R. Allen.
250 ## - EDITION STATEMENT
Edition statement 5th ed.
260 ## - PUBLICATION, DISTRIBUTION, ETC. (IMPRINT)
Place of publication, distribution, etc. Mason, OH :
Name of publisher, distributor, etc. South-Western,
Date of publication, distribution, etc. 2010.
300 ## - PHYSICAL DESCRIPTION
Extent xvii, 461 p.
650 #0 - SUBJECT ADDED ENTRY--TOPICAL TERM
Topical term or geographic name as entry element New business enterprises.
-- 0000157572
852 1# - LOCATION
-- p3390 KES
908 ## - PUT COMMAND PARAMETER (RLIN)
Put command parameter 120105
950 ## - LOCAL HOLDINGS (RLIN)
-- 1
Holdings
Withdrawn status Lost status Source of classification or shelving scheme Not for loan Home library Current library Date acquired Total Checkouts Total Renewals Full call number Barcode Date last seen Date last checked out Copy number Price effective from Koha item type
    Library of Congress Classification   Kabarak, Nakuru City Campus Kabarak, Nakuru City Campus 21/10/2015 1 1 HD62.5 .A45 2010 c. 1 20114 23/08/2022 15/09/2017 c.1 21/10/2015 General Collection
Designed with assistance from East African Informatics Ltd